000 00571nam a2200217Ia 4500
003 OSt
005 20230606102932.0
008 210423s2019 xx 000 0 und d
020 _a978-93-89409-03-1
040 _cAL
041 _aeng
082 _a371.9 GUPI
100 _aGUPTA (D K)
_9119877
245 _aInclusive education for special children
260 _aNew Delhi
_bOmega Publications
_c2019
300 _aviii,272
_bHB
365 _b995
_cINR
650 _aEducation
_9119878
906 _achildren ; education ; Inclusive ; special
942 _2ddc
_cBK
999 _c176677
_d176677